000 00226 a2200097 4500
001 38306
100 _aBlank Warren
245 _aThe 9 natural laws of leadership
260 _aNew York
_bAmacon
_c1995
090 _c24348
_d24348
942 _aNUST-CAE
_cM
_c15945
999 _c273379
_d273379